[Event "Titled Tuesday intern op 30th Apr Early"]
[Site "Chess.com INT"]
[Date "2024.04.30"]
[Round "8"]
[White "Novoselov, Roman"]
[Black "Rosenberg, Evan"]
[Result "0-1"]
[WhiteElo "2279"]
[BlackElo "1989"]
[PlyCount "112"]
[EventDate "2024.04.30"]
[EventType "swiss (blitz)"]
[EventRounds "11"]
[EventCountry "USA"]
[SourceTitle "CB19_2024"]
[SourceDate "2024.05.08"]
[SourceVersion "1"]
[SourceVersionDate "2024.05.08"]
[SourceQuality "1"]

1. e4 d5 2. exd5 Qxd5 3. Nc3 Qa5 4. d4 Nf6 5. Bc4 Bg4 6. f3 Bd7 7. Nge2 c5 8. Bf4 e6 9. Qd2 Nc6 10. d5 exd5 11. Nxd5 Qxd2+ 12. Bxd2 Nxd5 13. Bxd5 Rd8 14. 0-0-0 Be7 15. Rhe1 0-0 16. Ng3 Bf6 17. Nh5 Bd4 18. c3 Bf2 19. Re2 Bh4 20. g3 Bf6 21. Nxf6+ gxf6 22. Rde1 Ne5 23. Bxb7 Nd3+ 24. Kc2 Nxe1+ 25. Rxe1 Rfe8 26. Rxe8+ Rxe8 27. Kd3 Bf5+ 28. Kc4 Re2 29. Bf4 Rxb2 30. Bc6 Rxh2 31. g4 Be6+ 32. Kxc5 Rxa2 33. c4 a5 34. Bb5 a4 35. Kd6 a3 36. Bc1 Ra1 37. Bxa3 Rxa3 38. c5 Rxf3 39. c6 Bxg4 40. c7 Rc3 41. Bc6 Rxc6+ 42. Kxc6 Be6 43. Kd6 h5 44. Ke7 h4 45. Ke8 h3 46. Ke7 h2 47. Ke8 h1Q 48. Ke7 Qa8 49. Kd6 Qb7 50. c8Q+ Qxc8 51. Ke7 Qf8+ 52. Kxf6 Qd6 53. Kg5 Kg7 54. Kh5 Qe5+ 55. Kh4 Qf4+ 56. Kh5 Qg4# 0-1

[Event "Titled Tuesday intern op 16th Apr Late"]
[Site "Chess.com INT"]
[Date "2024.04.16"]
[Round "1"]
[White "Rosenberg, Evan"]
[Black "Turgut, Aydin"]
[Result "0-1"]
[WhiteElo "1989"]
[BlackElo "2322"]
[PlyCount "122"]
[EventDate "2024.04.16"]
[EventType "swiss (blitz)"]
[EventRounds "11"]
[EventCountry "USA"]
[SourceTitle "CB17_2024"]
[SourceDate "2024.04.24"]
[SourceVersion "1"]
[SourceVersionDate "2024.04.24"]
[SourceQuality "1"]

1. d4 Nf6 2. Nf3 d5 3. g3 e6 4. Bg2 b5 5. 0-0 Be7 6. a4 b4 7. c4 bxc3 8. Nxc3 0-0 9. Bf4 c5 10. dxc5 Bxc5 11. Rc1 Na6 12. Nb5 Bd7 13. Ne5 Rc8 14. Bg5 h6 15. Bxf6 gxf6 16. Nxd7 Qxd7 17. Qd2 Kg7 18. Qf4 Bb6 19. Qg4+ Kh7 20. Rfd1 f5 21. Qf4 Qe7 22. Rxc8 Rxc8 23. Nd6 Rd8 24. Nxf5 exf5 25. Qxf5+ Kg7 26. Rxd5 Qxe2 27. Rxd8 Qe1+ 28. Bf1 Bxd8 29. Kg2 Nc7 30. Bc4 Qe7 31. b3 Ne8 32. Qc8 Nd6 33. Qg4+ Kf8 34. Bd5 Bb6 35. f4 Qe3 36. Qd7 Qd2+ 37. Kh3 Qxd5 38. b4 Qf5+ 39. Qxf5 Nxf5 40. a5 Bd4 41. b5 Nd6 42. b6 a6 43. Kg4 Bc3 44. f5 Bxa5 45. b7 Nxb7 46. Kh5 Bd2 47. g4 a5 48. h4 a4 49. g5 hxg5 50. hxg5 a3 51. g6 fxg6+ 52. Kxg6 a2 53. Kf6 a1Q+ 54. Ke6 Qa6+ 55. Kd7 Qd6+ 56. Kc8 Bf4 57. Kxb7 Qc7+ 58. Ka6 Qb8 59. Ka5 Bd2+ 60. Ka6 Qb4 61. f6 Be3 0-1

[Event "Titled Tuesday intern op 02nd Apr Late"]
[Site "Chess.com INT"]
[Date "2024.04.02"]
[Round "3"]
[White "Velikanov, Alexander"]
[Black "Rosenberg, Evan"]
[Result "1-0"]
[WhiteElo "2387"]
[BlackElo "1989"]
[PlyCount "109"]
[EventDate "2024.04.02"]
[EventType "swiss (blitz)"]
[EventRounds "11"]
[EventCountry "USA"]
[SourceTitle "CB15_2024"]
[SourceDate "2024.04.10"]
[SourceVersion "1"]
[SourceVersionDate "2024.04.10"]
[SourceQuality "1"]

1. e4 c5 2. Nf3 e6 3. d4 cxd4 4. Nxd4 Nf6 5. Bd3 Nc6 6. Nxc6 bxc6 7. 0-0 d5 8. Nd2 Be7 9. Kh1 e5 10. Re1 d4 11. Nc4 Nd7 12. f4 0-0 13. fxe5 Bg5 14. Qh5 Bxc1 15. Raxc1 g6 16. Qh6 Qe7 17. e6 Qxe6 18. e5 Rd8 19. Nd6 Nf8 20. Bc4 Rxd6 21. exd6 Qxd6 22. Re8 Be6 23. Rxa8 Bxc4 24. Re1 Be6 25. h3 c5 26. b3 a6 27. Qg5 Kg7 28. Qd8 Qxd8 29. Rxd8 Bf5 30. Rc1 Ne6 31. Ra8 Be4 32. Rxa6 h5 33. a4 Nf4 34. a5 Nxg2 35. Kh2 Ne3 36. Rd6 Nxc2 37. Rxc2 Bxc2 38. a6 Be4 39. a7 h4 40. Rd8 Kf6 41. a8Q Bxa8 42. Rxa8 Ke5 43. Kg2 Ke4 44. Rc8 d3 45. Kf2 Kd4 46. Rd8+ Kc3 47. Ke3 Kxb3 48. Kxd3 c4+ 49. Kd2 f5 50. Rb8+ Ka4 51. Kc3 g5 52. Kxc4 Ka5 53. Rg8 g4 54. hxg4 fxg4 55. Rxg4 1-0

[Event "Titled Tuesday intern op 27th Feb Late"]
[Site "Chess.com INT"]
[Date "2024.02.27"]
[Round "3"]
[White "Ambartsumova, Karina"]
[Black "Rosenberg, Evan"]
[Result "1-0"]
[WhiteElo "2418"]
[BlackElo "1985"]
[PlyCount "69"]
[EventDate "2024.02.27"]
[EventType "swiss (blitz)"]
[EventRounds "11"]
[EventCountry "USA"]
[SourceTitle "CB10_2024"]
[SourceDate "2024.03.06"]
[SourceVersion "1"]
[SourceVersionDate "2024.03.06"]
[SourceQuality "1"]

1. d4 d5 2. c4 e6 3. Nc3 c5 4. cxd5 cxd4 5. Qxd4 Nc6 6. Qa4 exd5 7. e3 Nf6 8. Bb5 Bd7 9. Nf3 a6 10. Bxc6 Bxc6 11. Qd1 Bd6 12. 0-0 0-0 13. b3 Rc8 14. Bb2 Re8 15. Rc1 Bb8 16. Qd4 Qd6 17. g3 h6 18. Rfd1 Qe6 19. Ne2 Qe4 20. Nd2 Qxd4 21. Nxd4 Bd7 22. Kg2 Ne4 23. N2f3 Bg4 24. Ne2 Rxc1 25. Rxc1 Ba7 26. Ned4 Bb6 27. h3 Be6 28. Ne1 Nd6 29. Nd3 Bxd4 30. Bxd4 Rc8 31. Rxc8+ Bxc8 32. Nf4 Be6 33. g4 Kf8 34. f3 f6 35. Nxe6+ 1-0

[Event "Titled Tuesday intern op 06th Feb Early"]
[Site "Chess.com INT"]
[Date "2024.02.06"]
[Round "11"]
[White "Rosenberg, Evan"]
[Black "Bashirli, Saadat"]
[Result "0-1"]
[WhiteElo "1985"]
[BlackElo "1608"]
[PlyCount "78"]
[EventDate "2024.02.06"]
[EventType "swiss (blitz)"]
[EventRounds "11"]
[EventCountry "USA"]
[SourceTitle "CB07_2024"]
[SourceDate "2024.02.14"]
[SourceVersion "1"]
[SourceVersionDate "2024.02.14"]
[SourceQuality "1"]

1. Nf3 d5 2. d4 Nf6 3. c3 c6 4. Qc2 g6 5. h3 Bf5 6. Qb3 Qb6 7. Bf4 Bg7 8. Nbd2 0-0 9. g4 Be6 10. Bg2 Nbd7 11. Ng5 h6 12. Nxe6 fxe6 13. e3 Kh7 14. Qc2 c5 15. h4 Nxg4 16. h5 e5 17. dxe5 Ngxe5 18. Bxd5 Qd6 19. hxg6+ Kh8 20. Be4 Rxf4 21. exf4 Ng4 22. Nc4 Qxf4 23. f3 Qg3+ 24. Kf1 Nh2+ 25. Qxh2 Qg5 26. Rd1 Nf6 27. Qh4 Nxe4 28. Qxe4 Rf8 29. Rh3 e5 30. Kf2 h5 31. Rg1 Qh6 32. Nxe5 Qd2+ 33. Kg3 Qg5+ 34. Ng4 Kg8 35. Qe6+ Kh8 36. Rgh1 Qf4+ 37. Kh4 Bf6+ 38. Qxf6+ Rxf6 39. Kxh5 Rf5+ 0-1

[Event "Titled Tuesday intern op 06th Feb Early"]
[Site "Chess.com INT"]
[Date "2024.02.06"]
[Round "7"]
[White "Rosenberg, Evan"]
[Black "Martinez Pla, Xavier"]
[Result "0-1"]
[WhiteElo "1985"]
[BlackElo "2247"]
[PlyCount "80"]
[EventDate "2024.02.06"]
[EventType "swiss (blitz)"]
[EventRounds "11"]
[EventCountry "USA"]
[SourceTitle "CB07_2024"]
[SourceDate "2024.02.14"]
[SourceVersion "1"]
[SourceVersionDate "2024.02.14"]
[SourceQuality "1"]

1. c4 Nf6 2. Nf3 c5 3. Nc3 e6 4. g3 b6 5. Bg2 Bb7 6. 0-0 Be7 7. d4 cxd4 8. Qxd4 d6 9. Bg5 a6 10. Bxf6 Bxf6 11. Qf4 0-0 12. Rfd1 Be7 13. Ne4 Bxe4 14. Qxe4 Ra7 15. Nd4 Qc8 16. Rac1 Rc7 17. b3 Rc5 18. Qb1 Rd8 19. e4 Bf8 20. f4 Rc7 21. Bf1 Nc6 22. Nxc6 Rxc6 23. a4 Rc7 24. b4 a5 25. bxa5 bxa5 26. Bd3 h5 27. Kg2 Rc5 28. Rc2 h4 29. Rcd2 Qc6 30. Kh3 Be7 31. e5 d5 32. cxd5 exd5 33. Bh7+ Kh8 34. Bf5 Qxa4 35. Qb7 Qe8 36. e6 fxe6 37. Bxe6 Bf6 38. Rxd5 Rcxd5 39. Bxd5 hxg3 40. hxg3 Qh5+ 0-1

[Event "Titled Tuesday intern op 06th Feb Early"]
[Site "Chess.com INT"]
[Date "2024.02.06"]
[Round "5"]
[White "Setiawan, David"]
[Black "Rosenberg, Evan"]
[Result "1/2-1/2"]
[WhiteElo "2002"]
[BlackElo "1985"]
[PlyCount "99"]
[EventDate "2024.02.06"]
[EventType "swiss (blitz)"]
[EventRounds "11"]
[EventCountry "USA"]
[SourceTitle "CB07_2024"]
[SourceDate "2024.02.14"]
[SourceVersion "1"]
[SourceVersionDate "2024.02.14"]
[SourceQuality "1"]

1. d4 d5 2. c4 c6 3. Nc3 Nf6 4. cxd5 cxd5 5. f3 Qb6 6. e4 dxe4 7. fxe4 e5 8. dxe5 Ng4 9. Nh3 Bb4 10. Be2 Nxe5 11. Nf2 0-0 12. 0-0 Bxc3 13. bxc3 Nbc6 14. Qb3 Be6 15. Qxb6 axb6 16. Be3 Rxa2 17. Rxa2 Bxa2 18. Bxb6 Bc4 19. Bxc4 Nxc4 20. Bc5 Rb8 21. Rb1 b6 22. Bd4 Kf8 23. g3 f6 24. Kg2 Ke7 25. Ng4 Ke6 26. Ne3 Nxe3+ 27. Bxe3 b5 28. Kf3 g5 29. h4 h6 30. hxg5 hxg5 31. Ke2 Ke5 32. Kf3 g4+ 33. Kxg4 Kxe4 34. Bf4 Rg8+ 35. Kh5 Ne5 36. Bxe5 fxe5 37. Rxb5 Rxg3 38. c4 Kf5 39. Kh4 Rg4+ 40. Kh3 Rxc4 41. Kg2 Kf4 42. Kf2 Rc2+ 43. Ke1 e4 44. Rb3 Rh2 45. Ra3 e3 46. Ra8 Rh1+ 47. Ke2 Rh2+ 48. Ke1 Rh1+ 49. Ke2 Rh2+ 50. Ke1 1/2-1/2